<?xml version="1.0" encoding="UTF-8"?>
<record
    xmlns:xsi="http://www.w3.org/2001/XMLSchema-instance"
    xsi:schemaLocation="http://www.loc.gov/MARC21/slim http://www.loc.gov/standards/marcxml/schema/MARC21slim.xsd"
    xmlns="http://www.loc.gov/MARC21/slim">

  <leader>01002nam a22001577a 4500</leader>
  <controlfield tag="005">20220218163046.0</controlfield>
  <controlfield tag="008">220217b           ||||| |||| 00| 0 eng d</controlfield>
  <datafield tag="020" ind1=" " ind2=" ">
    <subfield code="a">9780521827416</subfield>
  </datafield>
  <datafield tag="050" ind1=" " ind2=" ">
    <subfield code="a">HD 4928. N62 M37</subfield>
  </datafield>
  <datafield tag="245" ind1=" " ind2=" ">
    <subfield code="a">The politics of social risk: business and welfare state development /</subfield>
    <subfield code="c">Isabela Mares.</subfield>
  </datafield>
  <datafield tag="260" ind1=" " ind2=" ">
    <subfield code="a">New York:</subfield>
    <subfield code="b">Cambridge university press,</subfield>
    <subfield code="c">2003.</subfield>
  </datafield>
  <datafield tag="300" ind1=" " ind2=" ">
    <subfield code="a">xvii, 319 p. :</subfield>
    <subfield code="b">ill. ;</subfield>
    <subfield code="c">23 cm.</subfield>
  </datafield>
  <datafield tag="500" ind1=" " ind2=" ">
    <subfield code="a">Includes references and index.</subfield>
  </datafield>
  <datafield tag="505" ind1=" " ind2=" ">
    <subfield code="a">Contents: The welfare state: A world against employers -- Interests and coalitions in the development of the modern welfare state -- Workplace accidents as social risks :Employers and the development of the modern welfare state -- Is unemployment insurable?Employers and the development of unemployment insurance -- Unified or occupationally fragmented insurance? political reforms during the postwar years -- Risk redistributed in mature welfare states : the politics of early retirement -- Conclusions.</subfield>
  </datafield>
  <datafield tag="942" ind1=" " ind2=" ">
    <subfield code="2">lcc</subfield>
    <subfield code="c">BK</subfield>
  </datafield>
  <datafield tag="999" ind1=" " ind2=" ">
    <subfield code="c">8722</subfield>
    <subfield code="d">16222</subfield>
  </datafield>
  <datafield tag="952" ind1=" " ind2=" ">
    <subfield code="0">0</subfield>
    <subfield code="1">0</subfield>
    <subfield code="2">lcc</subfield>
    <subfield code="4">0</subfield>
    <subfield code="7">0</subfield>
    <subfield code="a">WIUC-1</subfield>
    <subfield code="b">WIUC-1</subfield>
    <subfield code="c">REF</subfield>
    <subfield code="d">2022-02-17</subfield>
    <subfield code="o">HD4928.N62M37</subfield>
    <subfield code="p">9100/549/22</subfield>
    <subfield code="r">2022-02-17 00:00:00</subfield>
    <subfield code="w">2022-02-17</subfield>
    <subfield code="y">BK</subfield>
  </datafield>
</record>
